000 00848nam a22002417a 4500
003 UA-OsUOA
001 25417
007 ta
008 20040408b un ||||| |||| 00| 0 ukr d
090 _a34(094):349.4(477)
_bУ45
942 _cBK
040 _aUA-OsUOA
_bukr
_cUA-OsUOA
_dUA-OsUOA
245 _aЗемельний Кодекс України. Закон про форми власності на землю. Закон про плату за землю. Декрет про приватизіцію земельних далянок
_cРед. С.Йовна
300 _a124 с.
955 _a0
041 _aukr
080 _a34(094):349.4(477)
020 _a966-7231-06-2
260 _aУжгород
_bІнформаційно-видавниче агенство "Іва"
_c1997
044 _aUA
650 7 _2UDC
999 _c311712
_d311712